[Event "Avoine op 31st"]
[Site "Avoine"]
[Date "2016.07.29"]
[Round "7"]
[White "Hoffmann, Roger"]
[Black "Retailleau, Elise"]
[Result "1/2-1/2"]
[WhiteElo "2084"]
[BlackElo "1836"]
[PlyCount "87"]
[EventDate "2016.07.23"]
[EventType "swiss"]
[EventRounds "9"]
[EventCountry "FRA"]
[SourceTitle "CBM 173 Extra"]
[Source "ChessBase"]
[SourceDate "2016.08.29"]
[SourceVersion "1"]
[SourceVersionDate "2016.08.29"]
[SourceQuality "1"]

1. d4 d5 2. Nf3 Nf6 3. Bf4 e6 4. e3 Bd6 5. Bg5 0-0 6. Ne5 Nbd7 7. Nxd7 Bxd7 8. Qf3 Be7 9. Bd3 c5 10. dxc5 Qa5+ 11. c3 Qxc5 12. 0-0 Qb6 13. Qe2 Rfe8 14. Qc2 h6 15. Bh4 Rac8 16. Nd2 e5 17. Qb3 Qd6 18. Rad1 Bg4 19. f3 Be6 20. Qc2 d4 21. exd4 exd4 22. Nb3 Nd5 23. Bg3 Qb6 24. Bf2 Ne3 25. Bxe3 dxe3 26. Be2 Bc4 27. Nd4 Red8 28. Bxc4 Rxc4 29. Qe2 Rcc8 30. Qxe3 Bc5 31. b4 Bxd4 32. Rxd4 Rxd4 33. Qxd4 Qxd4+ 34. cxd4 Rc4 35. Rd1 Rxb4 36. Rd2 Kf8 37. Kf2 Ke7 38. Ke3 Ke6 39. Rc2 Kd6 40. g4 Rb1 41. h4 Re1+ 42. Kd3 Rd1+ 43. Kc4 a6 44. Re2 1/2-1/2

[Event "Avoine op 31st"]
[Site "Avoine"]
[Date "2016.07.27"]
[Round "5"]
[White "Hoffmann, Roger"]
[Black "Doluhanova, Evgeniya"]
[Result "0-1"]
[WhiteElo "2084"]
[BlackElo "2269"]
[PlyCount "52"]
[EventDate "2016.07.23"]
[EventType "swiss"]
[EventRounds "9"]
[EventCountry "FRA"]
[SourceTitle "CBM 173 Extra"]
[Source "ChessBase"]
[SourceDate "2016.08.29"]
[SourceVersion "1"]
[SourceVersionDate "2016.08.29"]
[SourceQuality "1"]

1. Nf3 Nf6 2. c4 c5 3. Nc3 b6 4. g3 Bb7 5. Bg2 e6 6. 0-0 Be7 7. d3 0-0 8. Bg5 h6 9. Bxf6 Bxf6 10. e4 Nc6 11. Ne1 Na5 12. Qe2 d6 13. Nc2 Nc6 14. Ne3 Qd7 15. Kh1 a6 16. Qh5 b5 17. Ng4 Bd4 18. cxb5 Ne5 19. bxa6 Bxa6 20. Nxe5 dxe5 21. Rfd1 Rab8 22. Rd2 Rxb2 23. Rxb2 Bxc3 24. Qe2 Bxd3 25. Rd1 Bxe2 26. Rxd7 Bxb2 0-1

[Event "Cappelle op 30th"]
[Site "Cappelle la Grande"]
[Date "2014.03.03"]
[Round "4"]
[White "Milchev, Nikolay"]
[Black "Hoffmann, Roger"]
[Result "1-0"]
[WhiteElo "2469"]
[BlackElo "2062"]
[PlyCount "83"]
[EventDate "2014.03.01"]
[EventType "swiss"]
[EventRounds "9"]
[EventCountry "FRA"]
[SourceTitle "CBM 159 Extra"]
[Source "ChessBase"]
[SourceDate "2014.04.24"]
[SourceVersion "1"]
[SourceVersionDate "2014.04.24"]
[SourceQuality "1"]

1. Nf3 Nf6 2. c4 c5 3. Nc3 Nc6 4. g3 g6 5. Bg2 Bg7 6. 0-0 0-0 7. d4 d6 8. d5 Nb8 9. h3 Na6 10. e4 e5 11. dxe6 Bxe6 12. Qe2 Nc7 13. Rd1 Qe7 14. Bf4 Rfd8 15. g4 h5 16. g5 Nfe8 17. Rd2 Rab8 18. Nd5 Bxd5 19. cxd5 b5 20. Rad1 b4 21. e5 Nb5 22. Qe3 dxe5 23. Nxe5 Bxe5 24. Bxe5 Nbd6 25. Qf4 Rb6 26. b3 Qd7 27. Rc1 Rb5 28. Rdc2 Rc8 29. Kh2 Nf5 30. d6 Neg7 31. Be4 Qe6 32. Rc4 Ra5 33. R1c2 Qd7 34. Qd2 Rb5 35. Qd5 Ne6 36. Bxf5 gxf5 37. Bf6 Rc6 38. Be7 Rbb6 39. Rd2 Nf8 40. Rf4 Ne6 41. Rxf5 c4 42. g6 1-0

[Event "Luxembourg-chT 1213"]
[Site "Luxembourg"]
[Date "2013.03.03"]
[Round "10"]
[White "Hoffmann, Roger"]
[Black "Linster, Philippe"]
[Result "0-1"]
[WhiteElo "2077"]
[BlackElo "2125"]
[PlyCount "96"]
[EventDate "2012.10.??"]
[EventType "team-tourn"]
[EventRounds "10"]
[EventCountry "LUX"]
[SourceTitle "EXT 2017"]
[Source "ChessBase"]
[SourceDate "2016.10.25"]
[SourceVersion "1"]
[SourceVersionDate "2016.10.25"]
[SourceQuality "1"]

1. g3 Nf6 2. Bg2 d5 3. Nf3 c6 4. 0-0 Bf5 5. d3 h6 6. Nbd2 e6 7. c4 Be7 8. cxd5 exd5 9. b3 0-0 10. Bb2 a5 11. Nd4 Bh7 12. e4 a4 13. bxa4 Nbd7 14. exd5 cxd5 15. N2b3 Rxa4 16. Re1 Bb4 17. Re3 Qc8 18. Nc2 Bd6 19. a3 Re8 20. Nb4 Rxe3 21. fxe3 Bxb4 22. axb4 Rxa1 23. Bxa1 Qc6 24. Bxf6 Nxf6 25. Bf1 Qb6 26. Qc1 Qxb4 27. Qc8+ Qf8 28. Qxb7 Qe8 29. e4 dxe4 30. d4 e3 31. Qf3 Qe4 32. Qxe4 Bxe4 33. Be2 Kf8 34. Nc5 Ke7 35. Bc4 Bf3 36. Kf1 Ng4 37. h3 Nf2 38. Be2 Bd5 39. h4 Nh1 40. g4 Ng3+ 41. Ke1 f5 42. gxf5 Nxf5 43. h5 Nxd4 44. Na4 Kf6 45. Nc3 Bf7 46. Ne4+ Ke5 47. Ng3 Kf4 48. Nf1 Nxe2 0-1

[Event "Helsinki HSL Easter 4th Group A"]
[Site "Helsinki"]
[Date "2012.04.06"]
[Round "2"]
[White "Hoffmann, Roger"]
[Black "Pulkkinen, Heikki"]
[Result "1-0"]
[WhiteElo "2065"]
[BlackElo "1904"]
[PlyCount "65"]
[EventDate "2012.04.05"]
[EventType "swiss"]
[EventRounds "7"]
[EventCountry "FIN"]
[SourceTitle "EXT 2022"]
[Source "ChessBase"]
[SourceDate "2021.10.06"]
[SourceVersion "1"]
[SourceVersionDate "2021.10.06"]
[SourceQuality "1"]

1. d4 Nf6 2. Nf3 g6 3. c4 Bg7 4. Nc3 0-0 5. e4 d6 6. h3 e5 7. d5 Nbd7 8. Bg5 h6 9. Be3 Qe7 10. Nd2 Nxe4 11. Ndxe4 f5 12. Bd3 fxe4 13. Bxe4 Rf6 14. Qd2 Nf8 15. Bxh6 Rxf2 16. Qxf2 Bxh6 17. 0-0 Bd7 18. Rad1 Kg7 19. Rd3 Nh7 20. Rg3 Ng5 21. Qc2 Be8 22. Bd3 e4 23. Nxe4 Qe5 24. Qc3 Nxe4 25. Bxe4 Bf7 26. Qxe5+ dxe5 27. Rgf3 Bg8 28. g3 Bd2 29. a3 a5 30. b3 Bg5 31. d6 c6 32. h4 Bd8 33. c5 1-0

[Event "Luxembourg-chT 1112"]
[Site "Luxembourg"]
[Date "2012.01.10"]
[Round "4"]
[White "Hartung, Jerry"]
[Black "Hoffmann, Roger"]
[Result "1/2-1/2"]
[WhiteElo "2222"]
[BlackElo "2077"]
[PlyCount "99"]
[EventDate "2011.10.??"]
[EventType "team-tourn"]
[EventRounds "10"]
[EventCountry "LUX"]
[SourceTitle "EXT 2017"]
[Source "ChessBase"]
[SourceDate "2016.10.25"]
[SourceVersion "1"]
[SourceVersionDate "2016.10.25"]
[SourceQuality "1"]

1. d4 d5 2. Nf3 Nf6 3. e3 e6 4. c4 a6 5. Nc3 Be7 6. Bd2 Ne4 7. Bd3 Nxd2 8. Qxd2 dxc4 9. Bxc4 c5 10. Rd1 cxd4 11. exd4 b5 12. Bd3 Bb7 13. Be4 Bxe4 14. Nxe4 0-0 15. 0-0 Nc6 16. Rfe1 Bb4 17. Nc3 Bxc3 18. Qxc3 Qd5 19. Rc1 Rac8 20. b3 h6 21. Qb2 Nb4 22. Qd2 Qd6 23. h3 Rfd8 24. a3 Rxc1 25. Rxc1 Nc6 26. b4 Kf8 27. Qc2 Nxd4 28. Nxd4 Qxd4 29. Qh7 Ke7 30. Rc6 Qa1+ 31. Kh2 Qe5+ 32. g3 Rd2 33. Rc2 Rd1 34. Qg8 Rd8 35. Qh7 Kf8 36. h4 Rd1 37. Kh3 Rh1+ 38. Kg2 Qd5+ 39. f3 Rd1 40. g4 Rd2+ 41. Rxd2 Qxd2+ 42. Kg3 Qe1+ 43. Kh3 Qh1+ 44. Kg3 Qg1+ 45. Kh3 Qe3 46. Kg3 g6 47. Qh8+ Ke7 48. Qc8 Qe5+ 49. Kg2 Qd6 50. Qc1 1/2-1/2

[Event "Le Touquet op 26th"]
[Site "Le Touquet"]
[Date "2011.10.27"]
[Round "8"]
[White "Hoffmann, Roger"]
[Black "Renard, Stephane"]
[Result "0-1"]
[WhiteElo "2065"]
[BlackElo "1979"]
[PlyCount "54"]
[EventDate "2011.10.22"]
[EventType "swiss"]
[EventRounds "9"]
[EventCountry "FRA"]
[SourceTitle "EXT 2020"]
[Source "ChessBase"]
[SourceDate "2019.10.17"]
[SourceVersion "1"]
[SourceVersionDate "2019.10.17"]
[SourceQuality "1"]

1. d4 f5 2. g3 Nf6 3. Bg2 e6 4. c4 c6 5. Nf3 d5 6. 0-0 Bd6 7. b3 Qe7 8. Ne5 0-0 9. Bg5 Nbd7 10. Nxd7 Bxd7 11. c5 Bc7 12. f4 b6 13. b4 a5 14. bxa5 bxc5 15. e3 Rxa5 16. Nd2 c4 17. Bxf6 Qxf6 18. Nf3 Rfa8 19. Rf2 Ra3 20. Qc1 Qf8 21. Rb2 Bc8 22. Kf2 Ba6 23. Bf1 Bb5 24. Be2 R8a7 25. Ng5 Qe8 26. Qd1 h6 27. Bh5 g6 0-1

[Event "Le Touquet op 26th"]
[Site "Le Touquet"]
[Date "2011.10.24"]
[Round "3"]
[White "Hoffmann, Roger"]
[Black "Rouffignac, Tanguy"]
[Result "0-1"]
[WhiteElo "2065"]
[BlackElo "1955"]
[PlyCount "75"]
[EventDate "2011.10.22"]
[EventType "swiss"]
[EventRounds "9"]
[EventCountry "FRA"]
[SourceTitle "EXT 2012"]
[Source "ChessBase"]
[SourceDate "2011.11.24"]
[SourceVersion "1"]
[SourceVersionDate "2011.11.24"]
[SourceQuality "1"]

1. d4 Nf6 2. c4 g6 3. Nc3 Bg7 4. e4 d6 5. Nf3 0-0 6. h3 a6 7. Bg5 c6 8. a4 a5 9. Be2 Na6 10. 0-0 Qc7 11. Qd2 e5 12. Rad1 exd4 13. Nxd4 Nc5 14. Bf3 Re8 15. Rfe1 Nfd7 16. Qc2 Ne5 17. Be2 Be6 18. f4 h6 19. Bh4 g5 20. fxe5 gxh4 21. exd6 Qxd6 22. Nf5 Qf4 23. Nxg7 Kxg7 24. Qd2 Qg5 25. Qd4+ Kh7 26. e5 Bxh3 27. Bd3+ Nxd3 28. Qxd3+ Bf5 29. Ne4 Qg6 30. Nf6+ Qxf6 31. exf6 Rxe1+ 32. Kh2 Bxd3 33. Rxe1 Kg6 34. Re7 Kxf6 35. Rxb7 Bxc4 36. b4 axb4 37. Rxb4 Bd5 38. Rxh4 0-1

[Event "Le Touquet op 26th"]
[Site "Le Touquet"]
[Date "2011.10.23"]
[Round "2"]
[White "Bernard, Christophe"]
[Black "Hoffmann, Roger"]
[Result "1-0"]
[WhiteElo "2327"]
[BlackElo "2065"]
[PlyCount "105"]
[EventDate "2011.10.22"]
[EventType "swiss"]
[EventRounds "9"]
[EventCountry "FRA"]
[SourceTitle "EXT 2012"]
[Source "ChessBase"]
[SourceDate "2011.11.24"]
[SourceVersion "1"]
[SourceVersionDate "2011.11.24"]
[SourceQuality "1"]

1. d4 d5 2. c4 dxc4 3. e4 Nc6 4. Be3 Nf6 5. f3 e5 6. d5 Bb4+ 7. Nd2 Bxd2+ 8. Qxd2 Ne7 9. Bxc4 0-0 10. Ne2 Bd7 11. Rc1 Nc8 12. 0-0 Nd6 13. Bd3 Nfe8 14. f4 f6 15. fxe5 fxe5 16. Rxf8+ Kxf8 17. Bg5 Qc8 18. Qc3 Nf7 19. Bh4 Bg4 20. Bg3 Bxe2 21. Bxe2 Qd7 22. Bxe5 Qe7 23. Bxc7 Qxe4 24. Bf3 Qe7 25. Re1 Qd7 26. Qb4+ Ned6 27. Bxd6+ Nxd6 28. Bg4 Qc7 29. Qf4+ Kg8 30. Be6+ Kh8 31. Rc1 Qe7 32. h3 Rd8 33. Qa4 b6 34. Qd4 h6 35. Rc6 Qg5 36. Kh2 Nb5 37. Qe4 Nd6 38. Qg4 Qf6 39. b3 Ne8 40. Qg3 Qe7 41. Qf4 Nd6 42. a4 Ne8 43. Qf7 Qxf7 44. Bxf7 Nd6 45. Be6 Ne8 46. Kg3 Kh7 47. Kf4 g6 48. Ke5 Kg7 49. d6 Kf8 50. h4 g5 51. hxg5 hxg5 52. d7 Ng7 53. Rd6 1-0

[Event "Le Touquet op 26th"]
[Site "Le Touquet"]
[Date "2011.10.22"]
[Round "1"]
[White "Hoffmann, Roger"]
[Black "Payen, Gerard"]
[Result "1-0"]
[WhiteElo "2065"]
[BlackElo "1750"]
[PlyCount "97"]
[EventDate "2011.10.22"]
[EventType "swiss"]
[EventRounds "9"]
[EventCountry "FRA"]
[SourceTitle "EXT 2012"]
[Source "ChessBase"]
[SourceDate "2011.11.24"]
[SourceVersion "1"]
[SourceVersionDate "2011.11.24"]
[SourceQuality "1"]

1. d4 e6 2. g3 d5 3. Bg2 Nf6 4. Nf3 c5 5. 0-0 Nc6 6. e3 b6 7. Nbd2 Bb7 8. c4 Be7 9. cxd5 exd5 10. b3 0-0 11. Bb2 Re8 12. Ne5 cxd4 13. Nxc6 Bxc6 14. Bxd4 Bd6 15. Qc2 Rc8 16. Qb2 Ba8 17. Bh3 Rc6 18. Bxf6 gxf6 19. Qd4 Be5 20. Qg4+ Kh8 21. Qh5 Rg8 22. Bf5 Rg7 23. Rad1 Qc7 24. Nf3 Rc3 25. Nd4 Bxd4 26. exd4 Bc6 27. Rfe1 Qd8 28. Qh3 Bb7 29. Rc1 Rxc1 30. Rxc1 Qe7 31. Qh5 Qd8 32. h4 Qe7 33. Qh6 Qe8 34. Qf4 Ba6 35. Qc7 Qg8 36. Re1 h5 37. Bd7 Qh7 38. Qxa7 Bd3 39. Qa8+ Rg8 40. Qxd5 Qg6 41. Bh3 Kg7 42. Bf1 Bf5 43. Bg2 Be6 44. Qe4 Bf5 45. Qb7 Kh6 46. d5 Qg4 47. Qxf7 Rg6 48. Qf8+ Rg7 49. Qxf6+ 1-0

[Event "Rhein Main op-A 14th"]
[Site "Bad Homburg"]
[Date "2011.06.26"]
[Round "7"]
[White "Hoffmann, Roger"]
[Black "Muhic, Sulejman"]
[Result "0-1"]
[WhiteElo "2069"]
[BlackElo "1968"]
[PlyCount "96"]
[EventDate "2011.06.22"]
[EventType "swiss"]
[EventRounds "7"]
[EventCountry "GER"]
[SourceTitle "EXT 2012"]
[Source "ChessBase"]
[SourceDate "2011.11.24"]
[SourceVersion "1"]
[SourceVersionDate "2011.11.24"]
[SourceQuality "1"]

1. d4 Nf6 2. c4 c6 3. Nc3 d5 4. cxd5 cxd5 5. Nf3 e6 6. Ne5 a6 7. Bg5 Be7 8. e3 Ne4 9. Bxe7 Qxe7 10. Bd3 Nxc3 11. bxc3 Nc6 12. Qh5 Nxe5 13. dxe5 Qa3 14. Kd2 Bd7 15. Rhb1 b5 16. Qg4 0-0 17. Qb4 Qxb4 18. cxb4 Rfc8 19. Rc1 Kf8 20. Rc5 Rxc5 21. bxc5 Bc6 22. g3 a5 23. a3 Ke7 24. h4 h6 25. Rb1 Rb8 26. Kc3 f6 27. exf6+ gxf6 28. Kd4 e5+ 29. Kc3 Ke6 30. Bf1 Kd7 31. Kb3 Kc7 32. Rd1 Rd8 33. Kc3 Be8 34. Kb2 Kc6 35. Rc1 Bh5 36. a4 b4 37. Bb5+ Kc7 38. Bd3 e4 39. Bf1 d4 40. exd4 Rxd4 41. Bb5 Bd1 42. Rc4 Rxc4 43. Bxc4 Bxa4 44. Bd5 Bc6 45. Be6 a4 46. Bc4 Kd7 47. Kc1 f5 48. Kb2 Ke7 0-1

[Event "Rhein Main op-A 14th"]
[Site "Bad Homburg"]
[Date "2011.06.25"]
[Round "5"]
[White "Hoffmann, Roger"]
[Black "Prenzler, Daniel"]
[Result "0-1"]
[WhiteElo "2069"]
[BlackElo "2203"]
[PlyCount "84"]
[EventDate "2011.06.22"]
[EventType "swiss"]
[EventRounds "7"]
[EventCountry "GER"]
[SourceTitle "EXT 2012"]
[Source "ChessBase"]
[SourceDate "2011.11.24"]
[SourceVersion "1"]
[SourceVersionDate "2011.11.24"]
[SourceQuality "1"]

1. d4 Nf6 2. c4 c5 3. d5 b5 4. cxb5 a6 5. bxa6 g6 6. g3 d6 7. Bg2 Bg7 8. Nh3 Bxa6 9. 0-0 Nbd7 10. Bd2 Nb6 11. Bc3 Bb7 12. e4 Na4 13. Re1 Nxc3 14. Nxc3 Nd7 15. Qc2 0-0 16. f4 Qa5 17. Ng5 Rfb8 18. Nf3 Nb6 19. Nd2 Bc8 20. Kh1 Na4 21. Nxa4 Qxa4 22. b3 Qa6 23. e5 Bf5 24. Be4 Bxe4+ 25. Qxe4 Qb7 26. Nc4 Ra6 27. a4 f5 28. exf6 Bxf6 29. Rab1 Qb4 30. Qd3 Ra7 31. h4 Qb7 32. Kh2 Qc8 33. Re6 Qf8 34. Kh3 Bd4 35. Na3 Rb4 36. Nc2 c4 37. Qxd4 Qf5+ 38. g4 Qxc2 39. Qxa7 Qxb1 40. Qf2 Qh1+ 41. Kg3 Rxb3+ 42. Re3 Rb1 0-1

[Event "Calvi Balagne op 08th"]
[Site "Calvi"]
[Date "2011.04.29"]
[Round "6"]
[White "Flom, Gabriel"]
[Black "Hoffmann, Roger"]
[Result "1-0"]
[WhiteElo "2413"]
[BlackElo "2055"]
[PlyCount "33"]
[EventDate "2011.04.26"]
[EventType "swiss"]
[EventRounds "8"]
[EventCountry "FRA"]
[SourceTitle "CBM 142 Extra"]
[Source "ChessBase"]
[SourceDate "2011.06.27"]
[SourceVersion "1"]
[SourceVersionDate "2011.06.27"]
[SourceQuality "1"]

1. d4 d5 2. c4 c6 3. Nc3 Nf6 4. e3 e6 5. Nf3 Nbd7 6. Bd3 Bd6 7. 0-0 dxc4 8. Bxc4 e5 9. Qc2 0-0 10. Rd1 Qe7 11. h3 h6 12. Nh4 Nb6 13. Bb3 Kh8 14. Bxf7 Qxf7 15. dxe5 Ne4 16. Qxe4 Qxf2+ 17. Kh1 1-0

[Event "Calvia Amateur op 7th"]
[Site "Calvia"]
[Date "2010.10.13"]
[Round "5"]
[White "Hoffmann, Roger"]
[Black "Shen, Yue"]
[Result "0-1"]
[WhiteElo "2086"]
[BlackElo "1885"]
[PlyCount "58"]
[EventDate "2010.10.09"]
[EventType "swiss"]
[EventRounds "9"]
[EventCountry "ESP"]
[SourceTitle "EXT 2011"]
[Source "ChessBase"]
[SourceDate "2010.11.26"]
[SourceVersion "1"]
[SourceVersionDate "2010.11.26"]
[SourceQuality "1"]

1. d4 Nf6 2. c4 g6 3. Nc3 Bg7 4. e4 d6 5. Nf3 0-0 6. h3 e5 7. d5 Nbd7 8. Bg5 h6 9. Be3 Nh5 10. Nh2 Kh7 11. Qc2 a5 12. 0-0-0 Nc5 13. g3 f5 14. g4 Nf4 15. gxf5 gxf5 16. f3 b6 17. Bxf4 exf4 18. exf5 Bxf5 19. Ne4 Qh4 20. Ng4 Nxe4 21. fxe4 Bxg4 22. hxg4 Qxh1 23. e5+ Kg8 24. Qg6 Qh4 25. Bd3 Qg5 26. Qh7+ Kf7 27. exd6 cxd6 28. Bf5 Kf6 29. Rh1 Rh8 0-1

[Event "Calvia Amateur op 7th"]
[Site "Calvia"]
[Date "2010.10.11"]
[Round "3"]
[White "Hoffmann, Roger"]
[Black "Planas Gene, Juan"]
[Result "0-1"]
[WhiteElo "2086"]
[BlackElo "2163"]
[PlyCount "104"]
[EventDate "2010.10.09"]
[EventType "swiss"]
[EventRounds "9"]
[EventCountry "ESP"]
[SourceTitle "EXT 2011"]
[Source "ChessBase"]
[SourceDate "2010.11.26"]
[SourceVersion "1"]
[SourceVersionDate "2010.11.26"]
[SourceQuality "1"]

1. d4 Nf6 2. c4 e6 3. Nf3 b6 4. g3 Bb7 5. Bg2 Be7 6. Nc3 0-0 7. 0-0 Ne4 8. Nxe4 Bxe4 9. Ne5 Bxg2 10. Kxg2 d6 11. Nd3 Qd7 12. Kg1 f5 13. b3 Bf6 14. Bb2 Qf7 15. e3 Nd7 16. Qe2 Rae8 17. Qf3 c5 18. Qc6 Qe7 19. Rad1 Rc8 20. Qg2 g5 21. f3 cxd4 22. exd4 Qg7 23. Qf2 Nb8 24. Rfe1 Rfe8 25. Re2 Nc6 26. Ne1 e5 27. d5 Nd8 28. Nd3 Rc7 29. Nb4 Rce7 30. Nc6 Rc7 31. Nb4 Nb7 32. Nc6 Nc5 33. b4 Na4 34. Ba1 e4 35. Bxf6 Qxf6 36. Re3 Nb2 37. Rde1 Nxc4 38. fxe4 Nxe3 39. Rxe3 f4 40. Re1 f3 41. h3 h5 42. Qe3 Rf7 43. Rf1 Ref8 44. Rf2 h4 45. g4 Qf4 46. Qxf4 Rxf4 47. Nd4 Rxe4 48. Nxf3 Rxb4 49. Nxg5 Rxf2 50. Kxf2 Rb2+ 51. Ke3 Rxa2 52. Ne4 Ra3+ 0-1

[Event "Calvia Amateur op 7th"]
[Site "Calvia"]
[Date "2010.10.10"]
[Round "2"]
[White "Lommers, Frank"]
[Black "Hoffmann, Roger"]
[Result "1/2-1/2"]
[WhiteElo "2191"]
[BlackElo "2086"]
[PlyCount "50"]
[EventDate "2010.10.09"]
[EventType "swiss"]
[EventRounds "9"]
[EventCountry "ESP"]
[SourceTitle "EXT 2011"]
[Source "ChessBase"]
[SourceDate "2010.11.26"]
[SourceVersion "1"]
[SourceVersionDate "2010.11.26"]
[SourceQuality "1"]

1. c4 Nf6 2. g3 c6 3. Bg2 d5 4. Nf3 e6 5. b3 Bd6 6. Bb2 Nbd7 7. 0-0 0-0 8. d3 e5 9. Nc3 d4 10. Ne4 Nxe4 11. dxe4 Be7 12. Ne1 a5 13. Nd3 Qc7 14. f4 f6 15. Kh1 b6 16. Qd2 Bb7 17. Rf2 Nc5 18. f5 Nxd3 19. exd3 c5 20. a4 Bc6 21. Bf3 Bd6 22. Qe2 Kf7 23. Bh5+ Ke7 24. Raf1 Kd7 25. Kg1 Kc8 1/2-1/2

[Event "Liechtenstein op 28th"]
[Site "Triesen"]
[Date "2010.05.14"]
[Round "8"]
[White "Schmidlechner, Alexander"]
[Black "Hoffmann, Roger"]
[Result "1-0"]
[WhiteElo "2185"]
[BlackElo "2066"]
[PlyCount "65"]
[EventDate "2010.05.07"]
[EventType "swiss"]
[EventRounds "9"]
[EventCountry "LIE"]
[SourceTitle "CBM 136 Extra"]
[Source "ChessBase"]
[SourceDate "2010.07.02"]
[SourceVersion "2"]
[SourceVersionDate "2010.07.15"]
[SourceQuality "1"]

1. d4 d5 2. c4 c6 3. Nf3 Nf6 4. Nc3 dxc4 5. a4 Bf5 6. e3 e6 7. Bxc4 Bb4 8. 0-0 0-0 9. Qe2 Ne4 10. Na2 Be7 11. Ne5 Nd6 12. Bb3 Qb6 13. Bd1 c5 14. Nf3 Nd7 15. Nc3 cxd4 16. exd4 Bg4 17. a5 Qd8 18. h3 Bh5 19. d5 exd5 20. Nxd5 Re8 21. g4 Bf8 22. Be3 Bg6 23. Ba4 Be4 24. Rfd1 Ne5 25. Ng5 Nc6 26. a6 b5 27. Bxb5 Nxb5 28. Qxb5 Rc8 29. Nc3 Qc7 30. Ngxe4 f5 31. Qxf5 Re5 32. Qd7 Qb8 33. Bf4 1-0

[Event "Liechtenstein op 28th"]
[Site "Triesen"]
[Date "2010.05.12"]
[Round "6"]
[White "Peschlow, Patrick"]
[Black "Hoffmann, Roger"]
[Result "1-0"]
[WhiteElo "2302"]
[BlackElo "2066"]
[PlyCount "63"]
[EventDate "2010.05.07"]
[EventType "swiss"]
[EventRounds "9"]
[EventCountry "LIE"]
[SourceTitle "CBM 136 Extra"]
[Source "ChessBase"]
[SourceDate "2010.07.02"]
[SourceVersion "2"]
[SourceVersionDate "2010.07.15"]
[SourceQuality "1"]

1. e4 Nf6 2. e5 Nd5 3. d4 d6 4. Nf3 dxe5 5. Nxe5 c6 6. Be2 Bf5 7. 0-0 Nd7 8. Nf3 e6 9. c4 Nb4 10. a3 Nc2 11. Ra2 Nxd4 12. Qxd4 Bxb1 13. Bg5 f6 14. Rxb1 fxg5 15. Qe3 Qf6 16. Nxg5 e5 17. Bg4 0-0-0 18. b4 h5 19. Bh3 g6 20. Ne4 Qh4 21. Rd1 Bh6 22. Qd3 Kb8 23. Bxd7 Rxd7 24. Qxd7 Qxe4 25. Qd6+ Kc8 26. Qe6+ Kb8 27. Kf1 Qf5 28. Qd6+ Kc8 29. b5 cxb5 30. cxb5 Rf8 31. Re2 Be3 32. f3 1-0

[Event "Liechtenstein op 28th"]
[Site "Triesen"]
[Date "2010.05.10"]
[Round "4"]
[White "Burnier, David"]
[Black "Hoffmann, Roger"]
[Result "1-0"]
[WhiteElo "2316"]
[BlackElo "2066"]
[PlyCount "65"]
[EventDate "2010.05.07"]
[EventType "swiss"]
[EventRounds "9"]
[EventCountry "LIE"]
[SourceTitle "CBM 136 Extra"]
[Source "ChessBase"]
[SourceDate "2010.07.02"]
[SourceVersion "2"]
[SourceVersionDate "2010.07.15"]
[SourceQuality "1"]

1. e4 Nf6 2. e5 Nd5 3. d4 d6 4. c4 Nb6 5. exd6 exd6 6. Nc3 Nc6 7. Nf3 Be7 8. Be2 0-0 9. d5 Ne5 10. Nxe5 dxe5 11. 0-0 f5 12. f4 Bc5+ 13. Kh1 e4 14. Qe1 a5 15. Qg3 Nd7 16. Rd1 Ra6 17. Be3 Rh6 18. Bxc5 Nxc5 19. Nb5 Rff6 20. Qe3 Qe7 21. Rac1 Rfg6 22. Rc3 Qh4 23. h3 Qe7 24. b3 b6 25. Kh2 Rf6 26. a3 c6 27. Nd4 cxd5 28. cxd5 Bb7 29. b4 Na4 30. d6 Rxd6 31. Nxf5 Qd7 32. Nxh6+ gxh6 33. Rcc1 1-0

[Event "Liechtenstein op 28th"]
[Site "Triesen"]
[Date "2010.05.08"]
[Round "2"]
[White "Hoffmann, Roger"]
[Black "Froewis, Georg"]
[Result "0-1"]
[WhiteElo "2066"]
[BlackElo "2277"]
[PlyCount "94"]
[EventDate "2010.05.07"]
[EventType "swiss"]
[EventRounds "9"]
[EventCountry "LIE"]
[SourceTitle "CBM 136 Extra"]
[Source "ChessBase"]
[SourceDate "2010.07.02"]
[SourceVersion "2"]
[SourceVersionDate "2010.07.15"]
[SourceQuality "1"]

1. d4 Nf6 2. c4 e6 3. Nf3 d5 4. e3 c5 5. cxd5 exd5 6. Nc3 a6 7. dxc5 Bxc5 8. a3 0-0 9. Be2 Nc6 10. b4 Bd6 11. Bb2 Re8 12. 0-0 Bg4 13. Na4 Ne4 14. Nc3 Re6 15. g3 Bxf3 16. Bxf3 Be5 17. Rc1 Qg5 18. Bg2 Rd8 19. f4 Qh6 20. Bxe4 dxe4 21. Qc2 Bxc3 22. Bxc3 Rd3 23. Rfe1 Qh5 24. Rcd1 Red6 25. Bd4 Rxd1 26. Rxd1 Qf5 27. Bc5 Rd5 28. Bd4 h6 29. Kg2 Qh5 30. Rf1 Nxd4 31. exd4 Rxd4 32. Rf2 Qd5 33. Qc5 Qd7 34. Qe5 f6 35. Qc5 Kh7 36. h4 Rd3 37. Qc4 f5 38. g4 Rxa3 39. g5 hxg5 40. hxg5 Qc6 41. Qxc6 bxc6 42. Rc2 Kg6 43. Rxc6+ Kh5 44. Rc7 g6 45. Rc6 Kg4 46. Rxg6 Ra2+ 47. Kh1 Kg3 0-1

[Event "Benidorm op U2000 08th"]
[Site "Benidorm"]
[Date "2009.12.02"]
[Round "5"]
[White "Hoffmann, Roger"]
[Black "Torino Caballero, Luis Ferrand"]
[Result "1/2-1/2"]
[WhiteElo "1998"]
[BlackElo "1954"]
[PlyCount "105"]
[EventDate "2009.11.28"]
[EventType "swiss"]
[EventRounds "10"]
[EventCountry "ESP"]
[SourceTitle "CBM 133 Extra"]
[Source "ChessBase"]
[SourceDate "2010.01.05"]
[SourceVersion "1"]
[SourceVersionDate "2010.01.05"]
[SourceQuality "1"]

1. d4 Nf6 2. Bg5 Ne4 3. Bf4 c5 4. f3 Qa5+ 5. c3 Nf6 6. d5 Qb6 7. Bc1 g6 8. e4 d6 9. Na3 Nbd7 10. Bb5 Bg7 11. Ne2 0-0 12. 0-0 a6 13. Bxd7 Bxd7 14. c4 Qc7 15. Bd2 b5 16. Qc1 Rfb8 17. cxb5 axb5 18. Kh1 b4 19. Nc2 Ra7 20. Bh6 Bb5 21. Bxg7 Kxg7 22. Re1 Nd7 23. Qe3 Ne5 24. b3 Rba8 25. Nc1 Kg8 26. f4 Nd7 27. Qd2 Qb8 28. Ne3 Qf8 29. Ne2 Qg7 30. Rec1 Nf6 31. Qc2 Bxe2 32. e5 dxe5 33. fxe5 Nxd5 34. Nxd5 Qxe5 35. Qxc5 Ra5 36. Nxe7+ Kg7 37. Qxe5+ Rxe5 38. Nc6 Re4 39. Re1 Rae8 40. Kg1 Bb5 41. Rxe4 Rxe4 42. Rc1 Bxc6 43. Rxc6 Re2 44. Ra6 h5 45. h3 h4 46. Ra4 g5 47. Rxb4 Rxa2 48. g4 hxg3 49. Rg4 Kh6 50. Rxg3 f5 51. Rf3 Kg6 52. Rf2 Ra1+ 53. Rf1 1/2-1/2